| 000 | 00848nam0a22002771 4500 | ||
|---|---|---|---|
| 001 | RU\INFOCOMM_318\NLR\5000079335 | ||
| 005 | 20250613103824.0 | ||
| 035 | _a(NLR Aleph) 009481809 | ||
| 090 |
_a8592416 _c8592416 |
||
| 100 | _a20121130f19301939|||y0rusy50 ca | ||
| 101 | 0 | _ager | |
| 102 | _aRU | ||
| 105 | _ay z ||||| | ||
| 200 | 1 |
_aAlpine hochtouristik _fIntrourist |
|
| 210 |
_aMoskau _cWneschtorgisdat _d[193?] |
||
| 215 |
_a16 с. _cил. _d21 см |
||
| 300 | _aНа обл. загл.: Bergsport in der UdSSR | ||
| 512 | 1 |
_aBergsport in der UdSSR _zger |
|
| 606 | 0 |
_aАльпинизм _xМаршруты для иностранцев _yСССР _2nlr_sh1 |
|
| 620 | _aМосква | ||
| 710 | 0 | 2 |
_aIntourist _4070 |
| 801 | 1 |
_aRU _bNLR _c20121130 |
|
| 801 | 0 |
_aRU _bINFOCOMM _gPSBO |
|
| 852 |
_aNLR _jD10/684 _y2 экз. |
||
| 942 | _cBOOK | ||
| 980 | _aNB | ||